000 01302nam0a22003011 4500
001 rc\2323191
005 20260408073921.0
035 _a(NLR Aleph) 006580031
090 _a7035845
_c7035845
100 _a20110829d1977 |||y0rusy50 ca
101 0 _arus
102 _aRU
105 _ay z |||||
200 1 _aМетодическая разработка по организации общественно-политической практики студентов
_fМ-во торг. УССР. Упр. учеб. заведений. Учеб.-метод. кабинет
210 _aКиев
_cБ. и.
_d1977
215 _a15 с.
_d20
225 1 _aСерия учебно-методических материалов
300 _aНа обороте тит. л.: сост. В.А. Ткаченко, А.И. Плахута
702 1 _aПлахута
_bА.И.
_4220
702 1 _aТкаченко
_bВ.А.
_gВасилий Андреевич
_4220
712 0 1 _aУССР
_bМинистерство торговли
_bУчебно-методический кабинет
_3RU\NLR\AUTH\8810065228
_9632053
801 0 _aRU
_bNLR
_gpsbo
801 1 _aRU
_bELAR
_2rusmarc
852 _aNLR
_j77-4/18883
899 _aRuMoRGB
_jM 77-11/2907
899 _aRuMoRGB
_jM 77-11/2908
942 _cBOOK
980 _aNB